Freddie Mercury Songs - Sudden Death - Statistics

General Stats
  • This quiz has been taken 49 times
  • The average score is 5 of 20
Answers on the Grid
Answers color-coded by a green-red scale on the quiz's grid according to % correct below.
Aladdin Sane
Alive
Barcelona
Coming Soon
D.J.
Dead On Time
Dream On
Foolin' Around
Guide Me Home
How Can I Go On
I Was Born to Love You
La Japonaise
Let's Turn It On
Liar
Living On My Own
Love Kills
Love Me Like There's No Tomorrow
Made In Heaven
Man Made Paradise
Moonage Daydream
Mr. Bad Guy
My Love Is Dangerous
Radio Ga Ga
She Blows Hot And Cold
Sliver
The Golden Boy
The Great Pretender
The Miracle
There Must Be More To Life Than This
Time Waits For No One
Tonight
Under Pressure
Your Kind Of Lover
 
Answer Stats
Answer % Correct
Barcelona
76%
Living On My Own
47%
I Was Born to Love You
44%
Love Kills
32%
Love Me Like There's No Tomorrow
29%
Mr. Bad Guy
29%
Man Made Paradise
26%
The Great Pretender
26%
How Can I Go On
24%
Made In Heaven
24%
Foolin' Around
18%
Guide Me Home
18%
My Love Is Dangerous
18%
Let's Turn It On
15%
There Must Be More To Life Than This
12%
Time Waits For No One
12%
Your Kind Of Lover
12%
La Japonaise
9%
She Blows Hot And Cold
9%
The Golden Boy
6%
No matching quizzes found
Score Distribution
Percent of People with Each Score
Percentile by Number Answered
Your Score History
You have not taken this quiz